00157nam a2200073Ia 4500100001500000245003800015260001800053546001200071 aCIMI-DGET  aMECHANICAL DIESEL ASSIGNMENT/TEST bCIMIaChennai aENGLISH